000 00407nam a22001697a 4500
005 20160701104613.0
008 160701b xxu||||| |||| 00| 0 eng d
020 _a978-81-203-4495-2
041 _aeng
082 _b20212
100 _aVarghees PC
_93349
245 _aEngineering geology for civil engineers
260 _bPHI
_c2012
300 _a234
650 _aDiploma Engineering
_9817
942 _cBK
999 _c5006
_d5004